| 000 | 01107cam a2200217 a 4500 | ||
|---|---|---|---|
| 001 | 000005171 | ||
| 005 | 20200929151610.0 | ||
| 008 | 841127s1983 ck b 001 0 spa | ||
| 040 |
_aDO-SdBNP _bspa _dBNPHU |
||
| 082 |
_a923.587 _bG195c |
||
| 245 | 0 | 0 |
_aGanadores, 1983 : _bConcurso "El Maestro tiene la Palabra". |
| 260 |
_aMedellin, Colombia : _bCacharreria Mundial, _c1983. |
||
| 300 |
_a128 p. ; _c18 cm. |
||
| 500 | _aBicentenario del nacimiento del libertador. | ||
| 500 | _aCampaña educativa "El maestro tiene la palabra". | ||
| 505 | 0 | _aEl pensamiento del Libertador sobre la educación, la ciencia y la cultura / Pilar Zarama de la Espriella -- Bolívar y sus maestros / Rafael R. Guerra -- Mi espada y mi corazón-- / Luz Dary Marin. | |
| 600 | 1 | 4 |
_aBOLÍVAR, SIMÓN, _d1783-1830 _xENSAYOS, CONFERENCIAS, ETC.. _914802 |
| 700 | 1 |
_aZarama de la Espriella, Pilar. _tPensamiento del Libertador sobre la educación, la ciencia y la cultura. _f1983. _914803 |
|
| 700 | 1 |
_aGuerra, Rafael R. _tBolívar y sus maestros. _f1983. _914804 |
|
| 700 | 1 |
_aDary Marín, Luz. _tMi espada y mi corazón--. _f1983. _914805 |
|
| 999 |
_c4974 _d4974 |
||